| 000 | 00587nam a2200193Ia 4500 | ||
|---|---|---|---|
| 008 | 101110s9999 xx 000 0 und d | ||
| 041 | _aENGLISH | ||
| 082 |
_bSR16644 _a658.152 |
||
| 100 | _aKuchhal S.C. | ||
| 245 | _aFinancial Management an analytical and concepted approach (9th ed.) | ||
| 365 | _b70 | ||
| 520 | _aCommerce | ||
| 546 | _aENGLISH | ||
| 630 | _aFinancial Management an analytical and concepted approach (9th ed.) | ||
| 650 | _aCommerce | ||
| 655 | _aCommerce | ||
| 730 | _aFinancial Management an analytical and concepted approach (9th ed.) | ||
| 942 | _cBOOK | ||
| 999 |
_c810367 _d810364 |
||